Rues et Avenues de Carouge - Statistiques

Statistiques générales
  • Ce quiz a été pris 7 fois
  • Le résultat moyen est 28 sur 102
Statistiques - réponses
Réponses % Correct
Ancienne
60%
Clos-de-la-Fonderie
60%
Daniel-Gevril
60%
de Carouge
60%
des Acacias
60%
du Marché
60%
de la Filature
40%
de la Fontenette
40%
de la Praille
40%
de l'Octroi
40%
de Saint-Julien
40%
de Sardaigne
40%
des Caroubiers
40%
des Moraines
40%
des Pervenches
40%
de Veyrier
40%
du Centurion
40%
du Collège
40%
du Temple
40%
Jacques-Dalphin
40%
Louis-Cottier
40%
Saint-Joseph
40%
Saint-Nicolas-le-Vieux
40%
Sigismond
40%
Vautier
40%
Vibert
40%
Adolphe-Fontanel
20%
Alexandre-Gavard
20%
Antoine-Jolivet
20%
Baylon
20%
Blavignac
20%
Cardinal-Mermillod
20%
Caroline
20%
Charles-Poluzzi
20%
d'Armes
20%
de Drize
20%
de Grange-Collomb
20%
de la Débridée
20%
de la Faïencerie
20%
de la Gabelle
20%
de la Grande-Pièce
20%
de la Marbrerie
20%
de Lancy
20%
de la Taillanderie
20%
de La-Tambourine
20%
de la Tannerie
20%
de la Vigne-Rouge
20%
de l'Etoile
20%
de l'Intendant
20%
de Pinchat
20%
des Allobroges
20%
des Artisanes
20%
des Carats
20%
des Charmettes
20%
des Epinettes
20%
des Guillocheurs
20%
des Horlogers
20%
des Jeunes
20%
des Mouettes
20%
des Noirettes
20%
des Orpailleurs
20%
des Tireurs-de-Sable
20%
des Tuilliers
20%
de Troinex
20%
du Bief-à-Dance
20%
du Centenaire
20%
du Cheval-Blanc
20%
du Faubourg-de-Cruseilles
20%
du Grand-Bureau
20%
du Léopard
20%
du Pont-Neuf
20%
du Rondeau
20%
du Tir-au-Canon
20%
du Trusquin
20%
du Tunnel
20%
du Val-d'Arve
20%
du Vieux-Canal
20%
Fillion
20%
François-Meunier
20%
Henri-Baumgartner
20%
Industrielle
20%
Jacques-Grosselin
20%
Joseph-Girard
20%
Jules-Vüy
20%
Louis-de-Montfalcon
20%
Pictet-Thellusson
20%
Plaisance
20%
Roi-Victor-Amé
20%
Saint-Victor
20%
Subilia
20%
Tir-au-Canon
20%
Vert
20%
Aucun quiz correspondant
Distribution des résultats
% des personnes avec chaque résultat
Percentile par nombre de réponses
Votre historique - résultats
Vous n’avez pas pris ce quiz